<?xml version="1.0" encoding="UTF-8"?>
<record
    xmlns:xsi="http://www.w3.org/2001/XMLSchema-instance"
    xsi:schemaLocation="http://www.loc.gov/MARC21/slim http://www.loc.gov/standards/marcxml/schema/MARC21slim.xsd"
    xmlns="http://www.loc.gov/MARC21/slim">

  <leader>00646cam a22002291i 4500</leader>
  <controlfield tag="001">he 66000680 </controlfield>
  <controlfield tag="003">DLC</controlfield>
  <controlfield tag="005">20260227111437.0</controlfield>
  <controlfield tag="008">860806s1955    ag c          000 0 yid  </controlfield>
  <datafield tag="010" ind1=" " ind2=" ">
    <subfield code="a">he 66000680 </subfield>
  </datafield>
  <datafield tag="035" ind1=" " ind2=" ">
    <subfield code="a">(OCoLC)19307769</subfield>
  </datafield>
  <datafield tag="040" ind1=" " ind2=" ">
    <subfield code="a">DLC</subfield>
    <subfield code="c">MH</subfield>
    <subfield code="d">CU</subfield>
    <subfield code="d">DLC</subfield>
  </datafield>
  <datafield tag="042" ind1=" " ind2=" ">
    <subfield code="a">premarc</subfield>
  </datafield>
  <datafield tag="050" ind1="0" ind2="0">
    <subfield code="a">PJ5129.L4</subfield>
    <subfield code="b">A62</subfield>
  </datafield>
  <datafield tag="100" ind1="1" ind2=" ">
    <subfield code="a">Leivick, H.,</subfield>
    <subfield code="d">1888-1962.</subfield>
  </datafield>
  <datafield tag="245" ind1="1" ind2="2">
    <subfield code="a">A bla&#x1E6D; oyf an eplboym.</subfield>
  </datafield>
  <datafield tag="260" ind1=" " ind2=" ">
    <subfield code="a">Buenos Ayres :</subfield>
    <subfield code="b">[&#x1E32;iem],</subfield>
    <subfield code="c">715, 1955.</subfield>
  </datafield>
  <datafield tag="300" ind1=" " ind2=" ">
    <subfield code="a">370 p. :</subfield>
    <subfield code="b">port. ;</subfield>
    <subfield code="c">23 cm.</subfield>
  </datafield>
  <datafield tag="500" ind1=" " ind2=" ">
    <subfield code="a">Added t.p.: A blat oif an eplboim. Hoja de manzano.</subfield>
  </datafield>
  <datafield tag="740" ind1="0" ind2=" ">
    <subfield code="a">Hoja de manzano.</subfield>
  </datafield>
  <datafield tag="752" ind1=" " ind2=" ">
    <subfield code="a">Argentina</subfield>
    <subfield code="d">Buenos Aires</subfield>
  </datafield>
  <datafield tag="999" ind1=" " ind2=" ">
    <subfield code="c">31657</subfield>
    <subfield code="d">31657</subfield>
  </datafield>
</record>
